The potentials of small-scale aquaculture of indigenous fish species in tramkok district, takeo province, សក្តានុពលភាពនៃការចិញ្ចឹមត្រីក្នុងស្រុកជាលក្ខណៈគ្រួសារ នៅក្នុងស្រុកត្រាំកក់ ខេត្តតាកែវ (Record no. 4570)
[ view plain ]
| 000 -LEADER | |
|---|---|
| fixed length control field | 00721nam a22001577a 4500 |
| 003 - CONTROL NUMBER IDENTIFIER | |
| control field | OSt |
| 005 - DATE AND TIME OF LATEST TRANSACTION | |
| control field | 20151216140636.0 |
| 008 - FIXED-LENGTH DATA ELEMENTS--GENERAL INFORMATION | |
| fixed length control field | 151216b xxu||||| |||| 00| 0 eng d |
| 040 ## - CATALOGING SOURCE | |
| Transcribing agency | RUA |
| 082 ## - DEWEY DECIMAL CLASSIFICATION NUMBER | |
| Classification number | AED KEA 2006 B224 Or.1 |
| 100 ## - MAIN ENTRY--PERSONAL NAME | |
| 9 (RLIN) | 4917 |
| Personal name | KEA, ROITANAK. |
| 245 ## - TITLE STATEMENT | |
| Title | The potentials of small-scale aquaculture of indigenous fish species in tramkok district, takeo province, សក្តានុពលភាពនៃការចិញ្ចឹមត្រីក្នុងស្រុកជាលក្ខណៈគ្រួសារ នៅក្នុងស្រុកត្រាំកក់ ខេត្តតាកែវ |
| 260 ## - PUBLICATION, DISTRIBUTION, ETC. (IMPRINT) | |
| Place of publication, distribution, etc. | Phnom Penh |
| Name of publisher, distributor, etc. | RUA |
| Date of publication, distribution, etc. | 2006 |
| 300 ## - PHYSICAL DESCRIPTION | |
| Extent | x, 41p. |
| Other physical details | ill. |
| Dimensions | 29cm. |
| 942 ## - ADDED ENTRY ELEMENTS (KOHA) | |
| Source of classification or shelving scheme | |
| Koha item type | AED |
| Price effective from | Date last seen | Permanent Location | Not for loan | Date acquired | Source of classification or shelving scheme | Koha item type | Lost status | Withdrawn status | Date last checked out | Total Checkouts | Shelving location | Damaged status | Barcode | Current Location | Full call number |
|---|---|---|---|---|---|---|---|---|---|---|---|---|---|---|---|
| 2015-12-16 | 2015-12-16 | Library Block B | 2015-12-16 | AED | B224 | RUA030273 | Library Block B | AED KEA 2006 B224 Or.1 | |||||||
| 2015-12-16 | 2017-08-07 | Library Block B | 2015-12-16 | AED | 2017-07-31 | 1 | B224 | RUA037877 | Library Block B | AED KEA 2006 B224 Or.2 | |||||
| 2015-12-16 | 2015-12-16 | Library Block B | 2015-12-16 | AED | B224 | RUA030398 | Library Block B | AED KEA 2006 B224 Or.3 | |||||||
| 2015-12-16 | 2015-12-16 | Library Block B | 2015-12-16 | AED | B224 | RUA030274 | Library Block B | AED KEA 2006 B224 Or.4 | |||||||
| 2015-12-16 | 2015-12-16 | Library Block B | 2015-12-16 | AED | B224 | RUA030334 | Library Block B | AED KEA 2006 B224 Or.4 |